00444nam a22001577a 450000500170000001000140001702000260003103500130005703700130007008200110008310000160009424500470011026000420015727000770019930000100027620100727150324.0 aENG-96877 a9788190770415c100.00 aEN-80410 bDBAD/PUB a382.92 aPoongodi, A aWorld trade organisation /cby A. Poongodi aPudukkottaibPandian Putha-Agamc2008 a793/2, North Main Street, Birunthavanam, Pudukkottai-622001bPudukkottai a145p.